KOHA-Header-6

Nortel Networks The Complete Reference (Record no. 2898)

000 -LEADER
fixed length control field 00308nam a2200121Ia 4500
008 - FIXED-LENGTH DATA ELEMENTS--GENERAL INFORMATION
fixed length control field 190902s9999||||xx |||||||||||||| ||und||
020 ## - INTERNATIONAL STANDARD BOOK NUMBER
International Standard Book Number 078-969-407-392-7
100 ## - MAIN ENTRY--PERSONAL NAME
Personal name James Knapp
245 #0 - TITLE STATEMENT
Title Nortel Networks The Complete Reference
260 ## - PUBLICATION, DISTRIBUTION, ETC. (IMPRINT)
Place of publication, distribution, etc London
Name of publisher, distributor, etc Prentice Hall
Date of publication, distribution, etc 2000
300 ## - PHYSICAL DESCRIPTION
Extent 1272
942 ## - ADDED ENTRY ELEMENTS (KOHA)
Koha item type Books
Holdings
Withdrawn status Lost status Source of classification or shelving scheme Damaged status Not for loan Collection code Permanent Location Current Location Shelving location Date acquired Barcode Date last seen Price effective from Koha item type
          Computer Networking MAJU MAJU   2019-09-02 6567 2019-09-02 2019-09-02 Computer Networking

Powered by Koha